| 000 | 00947nam a2200253 i 4500 | ||
|---|---|---|---|
| 001 | C00016225c | ||
| 005 | 20241029143514.0 | ||
| 008 | 960222s1673 sp f 001 0 spa d | ||
| 100 | 1 |
_aDíaz Vara Calderón, Gabriel ( _d1621-1676) _911059 |
|
| 245 | 1 | 0 |
_aGrandezas y maravillas de la inclyta y sancta ciudad de Roma... / _cPor... Gabriel Diaz Vara Calderon. |
| 260 |
_aEn Madrid : _bpor Ioseph Fernandez de Buendia, _c1673. |
||
| 300 |
_a[10], 705, [18] p., [4] h. de lám., [1] h. de lám. pleg. (grabados) ; _cFol. (30 cm) |
||
| 500 | _aPort. a dos tintas. | ||
| 500 | _aTexto a dos col. | ||
| 500 | _aRetrato grab. del autor. | ||
| 500 | _aApostillas marginales. | ||
| 500 | _aEx-libris de "Libª. de Sto. Tho. de Madrid" | ||
| 500 | _aEnc. perg. | ||
| 651 | 4 |
_aRoma (Italia)- _xDescripciones. _976492 |
|
| 700 | 1 |
_aFernández de Buendia, José ( _dfl. 1644-1679) _920444 |
|
| 852 | 4 | _jB-2515 | |
| 999 |
_c15892 _d15892 |
||